Представление документа в формате RUSMARC

ПолеНазваниеЗначение
  Тип записи c
  Библиографический уровень m
001 Контрольный номер RU/УОНБ/EK_N/483978091
005 Дата корректировки 20251119162323.0
010 Индекс ISBN __
9 Тираж 5630 экз.
013 Номер (ISMN) __
d Цена 49 к.
071 Издательские номер (звукозапись и ноты) 21
a Номер, присвоенный агентством 3364
100 Данные общей обработки __
a Данные общей обработки 20150503d1975 u y0rusy0189||||ca
101 Язык документа 0_
a Язык текста rus
f Язык титульного листа rus
102 Страна публикации __
a Страна публикации RU
105 Кодированные данные (монография) __
a Кодированные данные (монография) y###||||000|y
125 Кодированные данные звукозаписи и нотных изданий __
a Форма изложения нотного текста с|
128 Кодированные данные (звукозаписи-физические характеристики) __
a Кодированные данные: Музыкальная форма и тональность или лад zz
c Инструменты или голоса, рекомендуемые для солистов (устаревшее) kt||
200 Заглавие и сведения об ответственности 1_
a Заглавие Вып. 3
b Общее обозначение материала Ноты
f Первые сведения об ответственности сост. и исполн. ред. В. Грачева
210 Выходные данные 1_
d Дата издания 1975
215 Физическое описание __
a Объем 39 с.
327 Примечание о содержании 11
a Примечание о содержании Содерж. : Шостакович Д. Прелюдия : соч. 34 № 5. - Свиридов Г. Музыкальный момент. - Щедрин Р. Двухголосная инвенция. - Хачатурян А. Конница. - Фрид Г. Церковь в Буде : хорал. - Александров В. Колыбельная ; Фуга. - Голубев Е. Розы. - Фейнберг С. Ария. - Кажлаев М. Песня без слов. - Косенко В. Мазурка. - Мирзоев М. Лирический танец. - Караев К. Прелюдия. - Лядов А. Канон. - Гречанинов А. Ласки. - Бах И. С. Ария : из Французской сюиты. - Лист Ф. Утешение. - Бизе Ж. Экспромт "Волчок". - Барток Б. Заря.
461 Уровень набора _0
1 001RU/УОНБ/EK_N/483976872
1 200
a Готово-выборный баян в музыкальном училище
b Ноты
v Вып. 3
1 210
a М.
c Советский композитор
d 1973 -
464 Аналитический уровень _0
1 2001
a Прелюдия
e соч. 34 № 5
1 700 1
a Шостакович
b Д.
4 230
464 Аналитический уровень _0
1 2001
a Музыкальный момент
1 700 1
a Свиридов
b Г.
4 230
464 Аналитический уровень _0
1 2001
a Двухголосная инвенция
1 700 1
a Щедрин
b Р.
4 230
464 Аналитический уровень _0
1 2001
a Конница
1 700 1
a Хачатурян
b А.
4 230
464 Аналитический уровень _0
1 2001
a Церковь в Буде
e хорал
1 700 1
a Фрид
b Г.
4 230
464 Аналитический уровень _0
1 2001
a Колыбельная
1 700 1
a Александров
b В.
4 230
464 Аналитический уровень _0
1 2001
a Розы
1 700 1
a Голубев
b Е.
4 230
464 Аналитический уровень _0
1 2001
a Ария
1 700 1
a Фейнберг
b С.
4 230
464 Аналитический уровень _0
1 2001
a Песня без слов
1 700 1
a Кажлаев
b М.
4 230
464 Аналитический уровень _0
1 2001
a Мазурка
1 700 1
a Косенко
b В.
4 230
464 Аналитический уровень _0
1 2001
a Лирический танец
1 700 1
a Мирзоев
b М.
4 230
464 Аналитический уровень _0
1 2001
a Прелюдия
1 700 1
a Караев
b К.
4 230
464 Аналитический уровень _0
1 2001
a Канон
1 700 1
a Лядов
b А.
4 230
464 Аналитический уровень _0
1 2001
a Ласки
1 700 1
a Гречанинов
b А.
4 230
464 Аналитический уровень _0
1 2001
a Ария
e из Французской сюиты
1 700 1
a Бах
b И. С.
4 230
464 Аналитический уровень _0
1 2001
a Утешение
1 700 1
a Лист
b Ф.
4 230
464 Аналитический уровень _0
1 2001
a Экспромт "Волчок"
1 700 1
a Бизе
b Ж.
4 230
464 Аналитический уровень _0
1 2001
a Заря
1 700 1
a Барток
b Б.
4 230
464 Аналитический уровень _0
1 2001
a Фуга
1 700 1
a Александров
b В.
4 230
512 Заглавие обложки 1_
a Заглавие обложки Готово-выборный баян в музыкальном училище
606 Тематические рубрики 0_
a Основная рубрика Готово-выборный баян
x Основная подрубрика Педагогический репертуар музыкальных училищ
610 Ключевые слова 0_
a Ключевые слова готово-выборный баян
610 Ключевые слова 0_
a Ключевые слова педагогический репертуар музыкальных училищ
686 Индексы других классификаций __
a Классификационный индекс 85.954.698я43
2 Код системы rubbk
702 Вторичная интеллектуальная ответственность _1
a Фамилия Грачев
b Имя (инициалы) В.
4 Код отношения 220
4 Код отношения 340
801 Источник записи _0
a Страна RU
b Организация Ульяновская ОНБ
c Дата составления 20150503
g Правила каталогизации RCR
801 Источник записи _1
a Страна RU
b Организация Ульяновская ОНБ
c Дата составления 20150503
g Правила каталогизации RCR
901 Тип документа __
t Тип документа n
w Контрольный № источника RU/УОНБ/EK_N/483976872
909 Создатель записи __
a Создатель записи Грязнова И. Е.
910 Корректоры записи __
a Корректор записи Васина
938 Служебная информация __
a Имя БД noti
b Имя библиотеки УОНБ
c Имя АИБС МАРК-SQL
d Номер DOC_ID в БД 13169